ميڈ يکل ڈ کشنر ی (Record no. 87533)
[ view plain ]
| 000 -LEADER | |
|---|---|
| fixed length control field | 00894nam a22002297a 4500 |
| 005 - DATE AND TIME OF LATEST TRANSACTION | |
| control field | 20140801152054.0 |
| 008 - FIXED-LENGTH DATA ELEMENTS--GENERAL INFORMATION | |
| fixed length control field | 140714b xxu||||| |||| 00| 0 Urdu d |
| 010 ## - LCCN (DPL NO) | |
| LC control number | UR-165 |
| 020 ## - INTERNATIONAL STANDARD BOOK NUMBER | |
| Terms of availability | 600.00 |
| 035 ## - SYSTEM CONTROL NUMBER | |
| System control number | U-165 |
| 037 ## - SOURCE OF ACQUISITION | |
| Source of stock number/acquisition | BPPD/Publishers/Venders |
| 040 ## - CATALOGING SOURCE | |
| Original cataloging agency | DPL |
| Language of cataloging | Urdu |
| 082 ## - DEWEY DECIMAL CLASSIFICATION NUMBER | |
| Classification number | 615.480 |
| 100 ## - MAIN ENTRY--PERSONAL NAME | |
| Personal name | ہا شمی محمد صد يق علی حسنی |
| 245 ## - TITLE STATEMENT | |
| Title | ميڈ يکل ڈ کشنر ی |
| Statement of responsibility, etc | ہا شمی محمد صد يق علی حسنی |
| 246 ## - VARYING FORM OF TITLE | |
| Title proper/short title | Medical Dictionary (English Urdu) |
| Remainder of title | By Mohd Sadeeq Ali Hashmi Hasni |
| 260 ## - PUBLICATION, DISTRIBUTION, ETC. (IMPRINT) | |
| Name of publisher, distributor, etc | Idara Kitab-us- Shifa(Pub.) |
| -- | K.K.P.( Vender) |
| 260 ## - PUBLICATION, DISTRIBUTION, ETC. (IMPRINT) | |
| Place of publication, distribution, etc | 4806/24,Bharat Ram Road,Dariya Gunj,New Delhi-2 |
| 270 ## - ADDRESS | |
| Address | 2075-مسجد مز ا ر و ا لی،کو چہ چيلا ن ،د ر يا گنج، |
| City | نئ د ھلی |
| Postal code | 110002 |
| Telephone number | 9312273887 |
| 300 ## - PHYSICAL DESCRIPTION | |
| Extent | 816ص |
| Dimensions | 22Cm (Hb) |
| 942 ## - ADDED ENTRY ELEMENTS (KOHA) | |
| Source of classification or shelving scheme | Dewey Decimal Classification |
| Item type | Urdu Bks |
| Classification part | 615.4438 |
| Call number suffix | ہ ا ش |
No items available.
